| 000 | 01230nam1a2200361 i 4500 | ||
|---|---|---|---|
| 001 | RU\NLR\bibl\804746 | ||
| 005 | 20260607054014.0 | ||
| 035 | _a(NLR Aleph) 000793887 | ||
| 090 |
_a1138776 _c1138776 |
||
| 100 | _a20050531g20059999u y0rusy50 ca | ||
| 101 | 0 | _arus | |
| 102 | _aRU | ||
| 105 | _a||||z ||||| | ||
| 200 | 1 |
_aПреданья русского семейства _e[роман-эпопея _eв 6 кн.] _fСергей Щепотьев |
|
| 210 |
_aСанкт-Петербург _aТосно _cПрана _d2005 |
||
| 215 | _d21 | ||
| 300 | _aНа 4-й с. обл. авт.: С.И. Щепотьев, филолог, киновед | ||
| 300 | _aНа обл. только авт. и част. загл. т. | ||
| 463 | 0 | _1001799406 | |
| 463 | 0 | _10011001935 | |
| 463 | 0 | _10011001938 | |
| 463 | 0 | _10011001940 | |
| 463 | 0 | _10011001942 | |
| 686 | 2 | _aШ6(2=Р)75-440.4 | |
| 700 | 1 |
_4070 _7ca _8rus _aЩепотьев _bС. И. _f1947- _gСергей Иосифович _920146 _3RU\NLR\auth\7737157 |
|
| 801 | 0 |
_aRU _bNLR _c20050531 _grcr |
|
| 801 | 1 |
_aRU _bNLR _c20050531 |
|
| 830 | _aавт. по кн. | ||
| 852 |
_aNLR _j2005-3/12838 |
||
| 942 | _cBOOK | ||